Mixed Word: Elements II Quiz Stats

 Plays Quiz Updated Feb 17, 2012

Support Sporcle.
Go Orange.
Score 0/14 Timer 03:00
0 Plays Today
Hint Answer % Correct
NITTin
99.9%
OBORNBoron
93.4%
DIOSUMSodium
91.1%
YENGOXOxygen
89.8%
NEIROHCLChlorine
85.1%
VIRSLESilver
84.3%
GROYDHENHydrogen
82.8%
Hint Answer % Correct
ONGRAArgon
81.2%
PROPECCopper
81.2%
HUMIELHelium
79.8%
KLINCENickel
71%
ENTIRONGNitrogen
66.9%
MUSTHIBBismuth
51.8%
MAINTOYNAntimony
25.9%

You're not logged in!

Compare scores with friends on all Sporcle quizzes.
OR
Log In
Forgot?

From the Vault

2013 Movies Slideshow II

by abh273

Movies 8m
James Franco sure was busy in 2013.
Remove Ads.
Support Sporcle.
Get the best of Sporcle when you Go Orange. This ad-free experience offers more features, more stats, and more fun while also helping to support Sporcle. Thank you for becoming a member.

Show Comments

Extras

Top Quizzes Today


Score Distribution

Your Account Isn't Verified!

In order to create a playlist on Sporcle, you need to verify the email address you used during registration. Go to your Sporcle Settings to finish the process.

Report this User

Report this user for behavior that violates our Community Guidelines.

Details: